Libro de conocimientos generales, 2o. Año, 1a. ed. material escolar para motivar centros de interés que se relacionan con las siguientes asignaturas: Ciencias naturales. Geografía. Historia. Civismo. Sugestiones para elaborar el diario del maestro y desarrollo por meses del programa escolar vigente en las escuelas primarias de la República Mexicana. Propio para las escuelas Tipo “A”. Adaptado a las escuelas Tipo “B” y “C”.

Gespeichert in:
Bibliographische Detailangaben
1. Verfasser: Basurto, Carmen G.
Format: Buch
Sprache:Spanisch
Erschienen: México D. F. Librería Educación 1946
Katalog:MANES:  Suchergebnis im Bibliothekskatalog
Schulbuchspezifische Eigenschaften:
Tags: Tag hinzufügen
Keine Tags, Fügen Sie den ersten Tag hinzu!
Hinzugefügt zu:13.06.2019
Geändert in:13.06.2019

MARC

LEADER 00000nam a22000007a 4500
005 20190614023255.0
008 190614b xxu||||| |||| 00| 0 spa d
040 |a centro_manes  |c universidad_colima 
100 |9 21853  |a Basurto, Carmen G. 
245 |a Libro de conocimientos generales, 2o. Año, 1a. ed. material escolar para motivar centros de interés que se relacionan con las siguientes asignaturas: Ciencias naturales. Geografía. Historia. Civismo. Sugestiones para elaborar el diario del maestro y desarrollo por meses del programa escolar vigente en las escuelas primarias de la República Mexicana. Propio para las escuelas Tipo “A”. Adaptado a las escuelas Tipo “B” y “C”. 
260 |a México D. F.  |b Librería Educación  |c 1946 
300 |a 155-[5] p.  |c 27 cm.  |e Ils. 
500 |a Aparece: Francisco Ziga, "Bibliografía Pedagógica. Libros de texto para enseñanza primaria: 1850-1970 VII y VIII. "Libros de Ciencias Naturales. Lecciones y Nociones de Cosas." en Boletín del Instituto de Investigaciones Bibliográficas 1981-1982, Biblioteca Nacional, Hemeroteca Nacional, Universidad Nacional Autónoma de México, Nos. 18 - 19, p. 390. Ils. de J. Ortiz Tajonar Vid. Fichas 4426 a 4428  
690 0 |a CN 
691 0 |a PRI 
942 |2 ddc  |c BK 
999 |c 85515  |d 85515 
999 |c manes:85515  |d 85515